00466nam a2200157Ia 4500008004100000100001900041245004700060245001800107260002500125260000900150300002900159440006800188650002100256650001400277650001700291200115s9999 xx 000 0 und d aMilbrand, Lisa aAuthoritarian vs. authoritative parenting/ cLisa Milbrand bReader's Digest Asia c2019 aPages 82-85, August 2019 aAsia Reader's Digest: Acts of Kindness Everyone can dov116:678 aparent and child aparenting arelationship